Tri kniški v jednéj

Bibliographic Details
Main Author: Dinka, Anton (Author)
Other Authors: Bellan, Stanislav, 1962- (Editor)
Format: Book
Language:Slovak
PhysicalDescription:320 strán čiernobiele fotografie 21 cm
Published: Skalica Západoslovenské tlačiarne Skalica 2022
ISBN:9788097311261
Edition:Vydanie prvé súborné
Subjects:

MARC

LEADER 00000cam a2200000 4500
001 vtls012224274
003 SK-MaSNL
005 20260302025632.0
008 230308s2022 xo o g 000 j slo
015 |a SNBA2023/06 
020 |a 9788097311261  |q (brožované) 
040 |a SNK  |b slo  |c SNK  |e rda 
041 0 |a slo 
044 |a xo  |c SK 
072 7 |a 94(437.6)  |x Dejiny Slovenskej republiky  |2 konspekt 
080 |a 81'282  |2 2011 
080 |a (437.612)  |2 2011 
080 |a (0:82-94)  |2 2011 
080 |a 94(437.6)  |2 2011 
100 1 |a Dinka, Anton  |4 aut  |9 299881 
245 1 0 |a Tri kniški v jednéj  |c Anton Dinka 
250 |a Vydanie prvé súborné 
264 1 |a Skalica  |b Západoslovenské tlačiarne Skalica  |c 2022 
300 |a 320 strán  |b čiernobiele fotografie  |c 21 cm 
336 |a text  |b txt  |2 rdacontent 
337 |a bez média  |b n  |2 rdamedia 
338 |a zväzok  |b nc  |2 rdacarrier 
500 |a Obsahuje 3 diela 
500 |a Obsahuje slovník skalickej mestskej reči 
650 0 7 |a dialekty  |2 SNKPH  |9 19030 
650 0 7 |a Dialects  |2 SNKPHeng  |9 277811 
651 7 |a Skalica (Slovensko)  |2 SNKPHgeo  |9 25101 
651 7 |a Skalica (Slovakia)  |2 SNKPHeng  |9 288422 
651 7 |a Slovensko  |x dejiny  |2 SNKPHgeo  |9 13278 
651 7 |a Slovakia  |x history  |2 SNKPHeng  |9 266841 
655 7 |a spomienky  |2 SNKPH  |9 29509 
655 7 |a Reminiscences  |2 SNKPHeng  |9 93477 
700 1 |a Bellan, Stanislav,  |d 1962-  |4 edt  |9 217219 
740 0 2 |a Skalica, moja láska, osud a poťešení 
740 0 2 |a Vístrižki, alebo, Skalica v mojem živoťe 
740 0 2 |a Šedesát rokú ve školi 
852 |a Slovenská národná knižnica 
919 |a 978-80-973112-6-1 
954 |a beletria pôvodná (slovenská)  |2 lita 
958 |a LX 
999 |c 1044857  |d 1046787 
952 |a SNK  |b SNK  |y PREZ  |7 0  |p 17A1519575  |o snkSC 201240  |i snk2023/3977  |8 0  |0 0  |1 0  |4 0  |d 2023-03-08  |l 0  |r 2025-10-23 00:00:00  |w 2026-02-24 
952 |a SNK  |b SNK  |y VYP  |7 0  |p 17A1519576  |o snkSC 201240 D1  |i snk2023/3978  |8 0  |0 0  |1 0  |4 0  |d 2023-03-08  |l 0  |r 2026-02-24 14:36:27  |w 2026-02-24